00617nam a22001217a 4500008004100000010001600041245007100057260002300128500015600151500004300307999001500350952013000365150619b xxu||||| |||| 00| 0 eng d 8HCCRSF: 004 aHIGH COURT CRIMINAL SESSION No.372 of 1969 Uganda Vs Matayo Okullo aHigh Court Kampala 3(original criminal Case No.MK491.of 1968 in the chief Magistrate's court of Gulu at Kitgum Before: His worship F.W. Kakembo, Esq., Magistrate Grd.1.)  3Before: Hon. Mr. Ag Justice E.A. Oteng c6502d6502 00102ddc406HCCRSF_00470912359aARCbARCcARCd2015-06-19l0oHCCRSF:004p0805/2015r2015-06-19 00:00:00w2015-06-19yURC